000 02759cam a22005294i 4500
003 PE-LiUPU
005 20250731173036.0
008 161122s2017 inu rb 001 0 eng
020 _a1575067587
020 _a9781575067582
035 _a(Sirsi) i9781575067582
035 _a(OCoLC)970033796
040 _aDLC
_bspa
_erda
_cDLC
_dYDX
_dOCLCF
_dYUS
_dLNT
_dCHVBK
_dOCLCO
_dOCLCA
_dOCLCQ
_dPE-LiUPU
049 _aPRUA
050 0 0 _aBS1171.3
_b.E27 2017
082 0 0 _a221.6
_bE11
_223
100 1 _aEarl, Douglas S.,
_eautor.
245 1 0 _aReading Old Testament narrative as Christian scripture /
_cDouglas S. Earl.
264 1 _aWinona Lake, Indiana :
_bEisenbrauns,
_c2017.
300 _axiv, 369 p©Łginas ;
_c23 cent©Ưmetros.
336 _atext
_2rdacontent
337 _aunmediated
_2rdamedia
338 _avolume
_2rdacarrie
490 0 _aJournal of theological interpretation supplement ;
_v17
504 _aBibliografía: páginas 333-350.
504 _aÍndice : páginas 351-369.
505 0 _aPrologue -- Genesis 34: analysis of why an Old Testament narrative has failed to find Christian significance using literary poetics and neo-structuralism -- Joshua 1-12: myth, symbol and a proposal for the (Christian) -- The Joseph story (Genesis 37-50): the hermeneutical significance of the reception history and the literary horizons of three theologically problematic texts -- The David story: the hermeneutical and theological significance of 'minimalism' -- Rahab and Dinah revisited: 'reading as' scripture through possible construals of the 'world of the text' in Christian contexts -- The story of Ruth: relationships between the reader, Christian ethics and Old Testament narrative -- Genesis 1:26: Christian theology, metaphysics, and Old Testament narrative -- Salvation history: a framework for Old Testament interpretation? -- Epilogue: reading Old Testament narrative as Christian scripture as a task best left jagged.
526 _aSEG42
526 _aSEG41
526 _aSEG40
526 _aSEG39
526 _aP94
526 _aP87
526 _aP86
526 _aP85
526 _aP77
526 _aP76
526 _aP35
650 _aTeología Bíblica.
_91347
910 _adbm
_bebj
_cebj
_d20171211
942 _2ddc
_cBOOK
949 _a221.6 E11
_wDEWEY
_c1
_i77238
_lCATALOGING
_mBUL
_p27.97
_r0
_sY
_tBOOK
_u2017-12-11
_xPOSGRADO
_PP85
_0DONACION
_o.STAFF. Colección Teología.
994 _aC0
_bPEPRU
596 _a1
999 _a221.6 E11
_wDEWEY
_c26081
_i77238
_d26081
_e2018-8-24
_f2021-11-9
_g4
_lCCODEBUL1
_mBUL
_n1
_p27.97
_q1
_r0
_sY
_tBOOK
_u2017-12-11
_xTEOLOGIA
_PP85
_0COMPRA
_o.STAFF. Coleccio¿¿n Teolog©Ưa.
980 _81
_gALBERTO SANCHEZ Responsable de Automatización